| LEADER 00000nam 2200000uu 4500 |
| 001 205724 |
| 003 ULIBM |
| 008 101208s2553||||th 000 0 tha d |
| 020 978-616-11-0455-9
|
| 060 0 WX 155 ห661 2553.
|
| 110 1 ^aสำนักงานวิจัยและพัฒนากำลังคนด้านสุขภาพ (สวค) :^bบรรณาธิการ วิรุฬ ลิ้มสวาท,เพ็ญนภา หงษ์ทอง.
|
| 245 00 ^aเหตุเกิดที่ขอนแก่น : ^bเมื่อโรงพยาบาลพลาดแต่คนไข้ให้พร/^cสำนักงานวิจัยและพัฒนากำลังคนด้านสุขภาพ (สวค) :บรรณาธิการ วิรุฬ ลิ้มสวาท,เพ็ญนภา หงษ์ทอง.
|
| 260 ^aขอนแก่น : ^bสำนักงานวิจัยและพัฒนากำลังคนด้านสุขภาพ,^c2553.
|
| 300 ^aจำนวน 123 หน้า ; ^bภาพประกอบ.
|
| 650 0 ^aโรงพยาบาลขอนแก่น.
|
| 650 0 ^aบริการพยาบาลของโรงพยาบาล.
|
| 999 ^aใช้งานได้ทุกระบบ
|